Koreański alfabet - Statystyki

Ogólne statystyki
  • Ten quiz został rozwiązany 75 razy
  • Średni wynik to 10 z 40
Statystyki odpowiedzi
Znak Hangul Odpowiednik % Poprawnych
g k
69%
a
54%
i
41%
ng
41%
o
38%
pp
38%
r l
36%
ae
33%
b p
33%
n n
33%
d t
31%
m m
31%
u
31%
e
28%
ya
28%
yae
26%
ye
26%
yo
26%
jj
23%
k k
23%
kk k
23%
p p
23%
tt
23%
t t
23%
yeo
21%
eo
18%
yu
18%
eu
15%
wa
15%
wae
15%
ss t
13%
s t
13%
we
13%
wi
13%
ui
10%
j t
8%
wo
8%
h t
5%
oe
5%
ch t
3%
Nie znaleziono quizów pasujących do podanych kryteriów
Rozkład punktacji
Procent ludzi z każdym wynikiem
Percentyl według liczby udzielonych odpowiedzi
Twoja historia wyników
Nie rozwiązałeś tego quizu